Arbitraje y derecho tributario (Registro nro. 30743)

Detalles MARC
000 -LEADER
fixed length control field 00362 a2200121 4500
001 - CONTROL NUMBER
control field ART_50746
005 - DATE AND TIME OF LATEST TRANSACTION
control field 20260410161955.0
008 - FIXED-LENGTH DATA ELEMENTS--GENERAL INFORMATION
fixed length control field 260409a
100 1# - MAIN ENTRY--PERSONAL NAME
Personal name Fernández, Fernanda M.
245 10 - TITLE STATEMENT
Title Arbitraje y derecho tributario
700 1# - ADDED ENTRY--PERSONAL NAME
Personal name Zampa, Sebastián
773 0# - HOST ITEM ENTRY
Title Temas de derecho comercial
Related parts - Año 6, N° 3 (mar. 2020)
Record control number REV28151

No hay ítems disponibles.